• 首页
  • 本馆介绍
  • 公告通知
  • 最新文献
  • 馆藏检索
  • 电子资源
  • 读者导购
  • 参考咨询
  • 我的图书馆
  • 登录
  • 详细信息显示
  • 放入我的书架
  • 预约/预借图书
  • 作者相关作品
  • 分类相关作品
  • 丛书相关作品
  • 出版社相关作品

书目信息

  • 表格格式
  • 工作单格式
  • 卡片格式
题名:
大型工程建设项目供应链管理
    
 
作者: 栗东生 , 童利忠 著
分册:  
出版信息: 北京   科学出版社  2013
页数: 301页
开本: 24cm
丛书名:
单 册:
中图分类: F284
科图分类:
主题词: 大型建设项目--工程项目管理--供应链管理 , 大型建设项目 , 工程项目管理 , 供应链管理
电子资源:
ISBN: 978-7-03-038031-9
000 01175nam0 2200289 450
001 524
005 20140909093228.03
010    @a978-7-03-038031-9@dCNY98.00
100    @a20130806d2013 em y0chiy50 ea
101 0  @achi
102    @aCN@b110000
105    @aa z 000yy
106    @ar
200 1  @a大型工程建设项目供应链管理@ADa Xing Gong Cheng Jian She Xiang Mu Gong Ying Lian Guan Li@dLarge-scale construction project supply chain management@f栗东生,童利忠等著@FLi Dong Sheng, Tong Li Zhong Deng Zhu@zeng
210    @a北京@c科学出版社@d2013
215    @a301页@c图@d24cm
330    @a本书以中石油四川石化公司在"四川石化炼化一体化项目"中的供应链管理实践为依托,充分结合工程建设行业的特点,从理论和实践两方面构建了大型工程建设项目供应链管理的模式与方法体系。
510 1  @aLarge-scale construction project supply chain management@zeng
606 0  @a大型建设项目@x工程项目管理@x供应链管理
606 0  @a大型建设项目
606 0  @a工程项目管理
606 0  @a供应链管理
690    @aF284@v5
701  0 @a栗东生@ALi Dong Sheng@f(1956~)@4著
701  0 @a童利忠@ATong Li Zhong@f(1969~)@4著
801  0 @aCN@bTANGWEI@c20140603
905    @b0838456-58@dF284@e1166@f3
    
    大型工程建设项目供应链管理=Large-scale construction project supply chain management/栗东生,童利忠等著.-北京:科学出版社,2013
    301页:图;24cm
    
    
    ISBN 978-7-03-038031-9:CNY98.00
    本书以中石油四川石化公司在"四川石化炼化一体化项目"中的供应链管理实践为依托,充分结合工程建设行业的特点,从理论和实践两方面构建了大型工程建设项目供应链管理的模式与方法体系。
●
相关链接 在E读中查询图书 在五车中查询图书 在当当中查询图书 在豆瓣中查询图书


正题名:大型工程建设项目供应链管理     索取号:F284/1166         预约/预借

序号 登录号 条形码 馆藏地/架位号 状态 备注
1 0838456   208384568   第一样本阅览室/ [索取号:F284/1166] 在馆    
2 0838457   208384577   第一借阅区/ [索取号:F284/1166] 在馆    
3 0838458   208384586   密集书库-海洋学院/ [索取号:F284/1166] 在馆    
唐山师范学院图书馆 欢迎您!
大连网信软件有限公司© 版权所有